000
00339nam a2200145Ia 4500
005
20251222151341.0
008
251222s9999||||xx |||||||||||||| ||spa||
020
_a
8439568533
082
_a
800/M17
100
_a
Mahfuz, Naguib
245
0
_a
Rhadopis la Cortesana
250
_a
1ra.ed.
264
_b
Planeta de DeAgostini
942
_c
LIB
999
_c
24495
_d
24495